| 000 | 00537nam a22001577a 4500 | ||
|---|---|---|---|
| 003 | OSt | ||
| 005 | 20151028153309.0 | ||
| 008 | 151028b xxu||||| |||| 00| 0 eng d | ||
| 040 | _cRUA | ||
| 082 | _aATM.Sp KIM 2003 B064 Or.1 | ||
| 100 |
_93043 _aKIM, PHANNAK. |
||
| 245 | _aCashew-nut production in kampong cham province, ផលិតកម្មដំណាំស្វាយចន្នី ក្នុងខេត្តកំពង់ចាម | ||
| 260 |
_aPhnom Penh _bRUA _c2003 |
||
| 300 |
_a63p. _bill. _c29cm. |
||
| 942 |
_2ddc _cATMSP |
||
| 999 |
_c2836 _d2836 |
||